Normal view
MARC view
Entry Personal Name
001 - CONTROL NUMBER
- control field: 511406
003 - CONTROL NUMBER IDENTIFIER
- control field: OSt
005 - DATE AND TIME OF LATEST TRANSACTION
- control field: 20220928145047.0
008 - FIXED-LENGTH DATA ELEMENTS
- fixed length control field: 220928|| aca||aabn | a|a d
040 ## - CATALOGING SOURCE
- Original cataloging agency: OSt
- Transcribing agency: OSt
100 ## - HEADING--PERSONAL NAME
- Personal name: Barrell John Ed
670 ## - SOURCE DATA FOUND
- Source citation: Work cat.: (OSt)831655: Barrell John Ed., Penguin book of English pastoral verse., 1974
